Normal view
MARC view
- Pradyot pataik
Entry Personal Name
001 - CONTROL NUMBER
- control field: 52251
003 - CONTROL NUMBER IDENTIFIER
- control field: NUST
005 - DATE AND TIME OF LATEST TRANSACTION
- control field: 20210421115334.0
008 - FIXED-LENGTH DATA ELEMENTS
- fixed length control field: 210421|| aca||aabn | a|a d
040 ## - CATALOGING SOURCE
- Original cataloging agency: NUST
- Transcribing agency: NUST
100 ## - HEADING--PERSONAL NAME
- Personal name: Pradyot pataik
670 ## - SOURCE DATA FOUND
- Source citation: Work cat.: (NUST): Pradyot pataik, Hand Book of Inorganic Chemicals, 2003
